| 000 | 00559nam a22001817a 4500 | ||
|---|---|---|---|
| 999 |
_c93823 _d93823 |
||
| 005 | 20230427144748.0 | ||
| 010 | _aENG-113156 ENG-136755 | ||
| 020 |
_c399.00 _a9788170949145 |
||
| 035 | _aEN-96688 EN-120287 | ||
| 037 | _bDBAD/PUB | ||
| 082 | _a158.1 | ||
| 100 | _aArora,Manoj | ||
| 245 |
_aHappiness unlimited : _cby Manoj Arora _bhow to be happy always / |
||
| 260 |
_bVision Books _c2014 _aNew Delhi |
||
| 270 |
_bNew Delhi _e110024 _a24 Feroze Gandhi Road, Lajpat Nagar 3 |
||
| 300 |
_a280p. _c22cm(pbk) |
||
| 942 |
_2ddc _cEN _mARO _h158.1 |
||